Statistics for Fifa 21 Top 25 Spain Players

Click here to take the quiz!

General Stats

  • This quiz has been taken 128 times
  • The average score is 16 of 25

Answer Stats

RatingTeamPlayer% Correct
89Real MadridSergio Ramos
99%
86Manchester UnitedDavid De Gea
92%
87FC BarcelonaSergio Busquets
92%
86FC BarcelonaGerard Pique
88%
86Real SociedadDavid Silva
85%
86Real MadridDaniel Carvajal
84%
85Manchester CityRodri
81%
86FC BarcelonaJordi Alba
77%
85Atletico MadridKoke
77%
85LiverpoolThiago
77%
84ChelseaCesar Azpilicueta
76%
84Atletico MadridSaul Niguez
71%
84RC CeltaIago Aspas
68%
85LazioLuis Alberto
66%
84Real MadridIsco
62%
84Real SociedadMikel Oyarzabal
62%
85Villarreal CFDaniel Parejo
57%
84Sevilla FCJesus Navas
54%
83FC BarcelonaSergi Roberto
53%
83PSGJuan Bernat
42%
84SL BenficaAlejandro Grimaldo
40%
83Roma FCPau Lopez
39%
83Athletic BilbaoIker Muniain
37%
83Athletic BilbaoYuri Berchiche
26%
83Levante UDAitor
23%

Score Distribution

Percentile by Number Answered

Percent of People with Each Score

Your Score History

You have not taken this quiz